Devinez le Pays Mystère #132 - Statistiques

Statistiques générales
  • Ce quiz a été pris 449 fois
  • Le résultat moyen est 7 sur 13
Statistiques - réponses
Type de Réponse Réponse % Correct
Lettre Trouvée A
99%
Lettre Trouvée I
86%
Lettre Trouvée L
79%
Lettre Bien Placée A
61%
Lettre Trouvée A
61%
Lettre Bien Placée A
59%
Lettre Trouvée M
47%
Lettre Bien Placée L
35%
Lettre Bien Placée M
34%
Lettre Trouvée W
33%
Lettre Bien Placée I
31%
Pays Mystère Malawi
31%
Lettre Bien Placée W
31%
Aucun quiz correspondant
Distribution des résultats
% des personnes avec chaque résultat
Percentile par nombre de réponses
Votre historique - résultats
Vous n’avez pas pris ce quiz